000
00306nam a2200109Ia 4500
008
200302s9999 xx 000 0 und d
100
_a
Kenneth Hamblin
245
_a
The Earths Dynamic Systems A Text Book in Physical Geology 5th ed.
260
_b
Macmillan and Co. Ltd.
260
_c
1989
300
_a
576 P.,
999
_c
2017
_d
2017